Statystyki dla Zawodnicy z największą liczbą żółtych kartek - Ekstraklasa 2021/2022.

Kliknij tutaj aby rozwiązać quiz!

Ogólne statystyki

  • Ten quiz został rozwiązany 19 razy
  • Średni wynik to 2 z 11

Statystyki odpowiedzi

Liczba żółtych kartekZawodnik% Poprawnych
9Artur Jędrzejczyk
94%
9Jakub Rzeźniczak
41%
11Bartosz Slisz
12%
9Matej Rodin
12%
10Fran Tudor
6%
10Jarosław Kubicki
6%
10Piotr Tomasik
6%
10Taras Romanczuk
6%
10Tomas Petrasek
6%
10Łukasz Poręba
0%
9Mateusz Kupczak
0%

Rozkład punktacji

Percentyl według liczby udzielonych odpowiedzi

Procent ludzi z każdym wynikiem

Twoja historia wyników

Nie rozwiązałeś tego quizu